000 00603nam a2200205Ii 4500
003 JO-AjNU
008 230606s9999||||xx |||||||||||||| ||und||
020 _a978-0-619-21629-0
040 _aJO-AjNU
_beng
_erda
_cJO-AjNU
041 _aeng
050 1 4 _aQA76.9.D3.C66.2006
100 3 _aConrad,Rocky/Morrison,Joline/Morrison,Mike,
_eauthor
_91205
245 0 0 _aGuide to Oracle 10g
264 3 1 _aCOURSE TECHNOLOGY:Australia,2006
300 _a996p
336 _atext
_btxt
_2rdacontent
337 _aunmediated
_bn
_2rdamedia
338 _avolume
_bnc
_2rdacarrier
650 4 _aGuide to Oracle 10g
_91206
999 _aE634
_c634
_d634